Pharmaceutical chemistry II theory and practical for final year (Record no. 8213)

MARC details
000 -LEADER
fixed length control field 00344nam a2200121Ia 4500
008 - FIXED-LENGTH DATA ELEMENTS--GENERAL INFORMATION
fixed length control field 191201s2019 xx 000 0 und d
100 ## - MAIN ENTRY--PERSONAL NAME
Personal name RAJA SEKARAN, VN
245 #0 - TITLE STATEMENT
Title Pharmaceutical chemistry II theory and practical for final year
260 ## - PUBLICATION, DISTRIBUTION, ETC. (IMPRINT)
Name of publisher, distributor, etc CBS Pub
Place of publication, distribution, etc New Delhi
Date of publication, distribution, etc 2019
300 ## - PHYSICAL DESCRIPTION
Extent 459
650 ## - SUBJECT ADDED ENTRY--TOPICAL TERM
Topical term or geographic name as entry element Medicinal Chemistry
942 ## - ADDED ENTRY ELEMENTS (KOHA)
Source of classification or shelving scheme Dewey Decimal Classification
Koha item type Text Books
942 ## - ADDED ENTRY ELEMENTS (KOHA)
-- 39
Holdings
Withdrawn status Lost status Source of classification or shelving scheme Damaged status Not for loan Collection code Home library Current library Date acquired Source of acquisition Cost, normal purchase price Bill Number Total Checkouts Acc. no. / Barcode Date last seen Date last borrowed Actual Cost, discounted price Bill Date Koha item type
    Dewey Decimal Classification     Diploma in Pharmacy PIET C-LIBRARY PIET C-LIBRARY 25/03/2019 Kirti Prakashan 320.00 IN 3049 14 DP70 02/12/2022 18/11/2022 206.40 08/03/2019 Text Books
    Dewey Decimal Classification     Diploma in Pharmacy PIET C-LIBRARY PIET C-LIBRARY 25/03/2019 Kirti Prakashan 320.00 IN 3049 14 DP71 31/05/2023 16/05/2023 206.40 08/03/2019 Text Books
    Dewey Decimal Classification     Diploma in Pharmacy PIET C-LIBRARY PIET C-LIBRARY 25/03/2019 Kirti Prakashan 320.00 IN 3049 12 DP72 28/10/2022 07/10/2022 206.40 08/03/2019 Text Books

Design & Developed by: PIET Central Library
R70 Miles Stone Pattikalyana Samalkha Panipat 132102
mail ID :- [email protected], Phone No:- 0180-2569700 Ex.216